| 000 | 00368nam a2200157Ia 4500 | ||
|---|---|---|---|
| 008 | 180207s9999 xx 000 0 und d | ||
| 020 | _a156987428x | ||
| 050 | _bS887 1995 | ||
| 245 | 4 | _aThe story of Moses : | |
| 245 | _ba bible pop-up / | ||
| 260 | _aOhio : | ||
| 260 | _bLandoll's, | ||
| 260 | _c1995 | ||
| 300 | _aunpaged : | ||
| 300 | _bcolor illustration ; | ||
| 999 |
_c355062 _d355062 |
||